Southville International School and Colleges
Your cart is empty.
  • Cart
  • Lists
    Public lists Eva Luna New books Lux_list list_1
    Your lists Log in to create your own lists
  • Log in to your account
  • Your cookies
  • Search history
Southville International School and Colleges
  • Advanced search
  • Recent comments
  • Most popular
  • Libraries

Log in to your account

Log in with GOOGLE


If you do not have an external account, but do have a local account, you can still log in:

  1. Home
  2. MARC view: Lady of chʻiao kuo :
Normal view MARC view ISBD view

Lady of chʻiao kuo : (Record no. 11264)

[ view plain ]
MARC details
000 -LEADER
fixed length control field 01528cam a2200385 a 4500
001 - CONTROL NUMBER
control field 12204449
003 - CONTROL NUMBER IDENTIFIER
control field PILC
005 - DATE AND TIME OF LATEST TRANSACTION
control field 20160115103357.0
008 - FIXED-LENGTH DATA ELEMENTS--GENERAL INFORMATION
fixed length control field 001018s2001 nyua c b 000 1 eng
010 ## - LIBRARY OF CONGRESS CONTROL NUMBER
LC control number 00051617
020 ## - INTERNATIONAL STANDARD BOOK NUMBER
International Standard Book Number 0439164834
040 ## - CATALOGING SOURCE
Original cataloging agency DLC
Transcribing agency DLC
Modifying agency DLC
042 ## - AUTHENTICATION CODE
Authentication code lcac
043 ## - GEOGRAPHIC AREA CODE
Geographic area code a-cc---
050 00 - LIBRARY OF CONGRESS CALL NUMBER
Classification number PZ 7
Item number .Y47Lad 2001
082 ## - DEWEY DECIMAL CLASSIFICATION NUMBER
Classification number FIC
Item number Y3l 2001
100 1# - MAIN ENTRY--PERSONAL NAME
Personal name Yep, Laurence,
Dates associated with a name 1948-
9 (RLIN) 19582
245 10 - TITLE STATEMENT
Title Lady of chʻiao kuo :
Remainder of title warrior of the south
Statement of responsibility, etc Laurence Yep
260 ## - PUBLICATION, DISTRIBUTION, ETC. (IMPRINT)
Place of publication, distribution, etc New York :
Name of publisher, distributor, etc Scholastic,
Date of publication, distribution, etc 2001.
300 ## - PHYSICAL DESCRIPTION
Extent 300 p. ;
Other physical details ill. ;
Dimensions 19 cm.
440 #4 - SERIES STATEMENT/ADDED ENTRY--TITLE
Title The royal diaries
9 (RLIN) 17275
504 ## - BIBLIOGRAPHY, ETC. NOTE
Bibliography, etc Includes bibliographical references.
520 ## - SUMMARY, ETC.
Summary, etc In 531 A.D., a fifteen-year-old princess of the Hsien tribe in southern China keeps a diary which describes her role as liaison between her own people and the local Chinese colonists, in times of both peace and war.
650 #1 - SUBJECT ADDED ENTRY--TOPICAL TERM
Topical term or geographic name as entry element Princesses
Form subdivision Fiction.
9 (RLIN) 19583
650 #1 - SUBJECT ADDED ENTRY--TOPICAL TERM
Topical term or geographic name as entry element Minorities
Form subdivision Fiction.
9 (RLIN) 19584
650 #1 - SUBJECT ADDED ENTRY--TOPICAL TERM
Topical term or geographic name as entry element Identity
Form subdivision Fiction.
9 (RLIN) 19585
650 #1 - SUBJECT ADDED ENTRY--TOPICAL TERM
Topical term or geographic name as entry element War
Form subdivision Fiction.
9 (RLIN) 19586
650 #1 - SUBJECT ADDED ENTRY--TOPICAL TERM
Topical term or geographic name as entry element Diaries
Form subdivision Fiction.
9 (RLIN) 19587
651 #0 - SUBJECT ADDED ENTRY--GEOGRAPHIC NAME
Geographic name China
General subdivision History
Chronological subdivision Liang dynasty, 502-557
Form subdivision Juvenile fiction.
9 (RLIN) 19588
651 #1 - SUBJECT ADDED ENTRY--GEOGRAPHIC NAME
Geographic name China
General subdivision History
Chronological subdivision Liang dynasty, 502-557
Form subdivision Fiction.
9 (RLIN) 19589
906 ## - LOCAL DATA ELEMENT F, LDF (RLIN)
a 7
b rip
c orignew
d 1
e ocip
f 20
g y-gencatlg
942 ## - ADDED ENTRY ELEMENTS (KOHA)
Source of classification or shelving scheme Library of Congress Classification
Koha item type Books
Holdings
Withdrawn status Lost status Source of classification or shelving scheme Damaged status Home library Current library Shelving location Date acquired Total Checkouts Full call number Barcode Date last seen Copy number Price effective from Koha item type
    Library of Congress Classification   Luxembourg Library Luxembourg Library Fiction Section 09/14/2013   PZ 7 .Y47Lad 2001 15206 02/17/2015 1 09/14/2013 Books

Lady of chʻiao kuo :

APA

Yep L., . (2001). Lady of chʻiao kuo. New York: Scholastic.

Chicago

Yep Laurence, . 2001. Lady of chʻiao kuo. New York: Scholastic.

Harvard

Yep L., . (2001). Lady of chʻiao kuo. New York: Scholastic.

MLA

Yep Laurence, . Lady of chʻiao kuo. New York: Scholastic. 2001.

  • Place hold
  • Print
  • Cite
  • Add to your cart (remove)
  • Save record
    BIBTEX Dublin Core MARCXML MARC (non-Unicode/MARC-8) MARC (Unicode/UTF-8) MARC (Unicode/UTF-8, Standard) MODS (XML) RIS
  • More searches
    Search for this title in:
    Other Libraries (WorldCat) Other Databases (Google Scholar) Online Stores (Bookfinder.com) Open Library (openlibrary.org)

Exporting to Dublin Core...

SOUTHVILLE LIBRARY

Southville International School and Colleges Library

1281 Tropical Ave. Cor. Luxembourg St., BF Homes International, Las Pinas City

Tel. No. 8256374 / 252358 Loc. 117/146

Powered by Koha